Education and the rise of the corporate state.

Guardado en:
Detalles Bibliográficos
Autor principal: Spring, Joel H. (autor)
Formato: Libro
Idioma:Inglés
Temas:
Etiquetas: Agrega una etiqueta
Sin etiquetas, Sé el primero en etiquetar este registro!

MARC

LEADER 00000nam^a2200000^u^4500
001 000511951
005 20250521000000.0
008 100409s1000^^^^^^^^^^^^r^^^^^000^0^spa^d
009 20260310130159.437
035 |a FCE 000056161 
037 |a Acervo ITESO - Biblioteca 
041 |a eng 
082 0 4 |a 082.1  |b CIDOC 50 
100 |a Spring, Joel H.,  |e (autor) 
245 1 0 |a Education and the rise of the corporate state. 
264 |a México :  |b CIDOC,  |c 1971. 
300 |a (CIDOC, Cuadernos; 
336 |a texto  |b txt  |2 rdacontenido 
337 |a sin mediación  |b n  |2 rdamedio 
338 |a volumen  |b nc  |2 rdasoporte 
440 0 |v 50). 
649 |a XX 
650 |a Tecnología educativa 
650 |a Educación y sociedad 
650 |a Papel de la escuela 
650 |a Educación y estado 
910 |a Fondo Centro de Estudios Educativos 
920 |a Impresos - Libros 
930 |a Fondos Especiales 
905 |a 133 
901 |a ALE048122  |b IT2  |c CEE  |u 20250521 
902 |a https://opac.biblio.iteso.mx/vufind/Record/000511951